[Event "Krefeld Pfingsten op"]
[Site "Krefeld"]
[Date "2025.06.06"]
[Round "1"]
[White "Droesser, Paul Maria Georg"]
[Black "Meckel, Helmut"]
[Result "1-0"]
[WhiteElo "1469"]
[BlackElo "1896"]
[PlyCount "71"]
[EventDate "2025.06.06"]
[EventType "swiss"]
[EventRounds "9"]
[EventCountry "GER"]
[SourceTitle "CB24_2025"]
[SourceDate "2025.06.11"]
[SourceVersion "1"]
[SourceVersionDate "2025.06.11"]
[SourceQuality "1"]

1. d4 e6 2. c4 f5 3. Nc3 Nf6 4. a3 Be7 5. Nf3 0-0 6. e3 d6 7. Be2 Qe8 8. b4 Bd8 9. Bb2 Nbd7 10. 0-0 e5 11. dxe5 Nxe5 12. Nxe5 dxe5 13. Qd2 c6 14. Rfd1 Bc7 15. a4 Be6 16. a5 Qf7 17. c5 a6 18. Na4 Bb3 19. Rdc1 Ne4 20. Qe1 Bxa4 21. Rxa4 Qb3 22. Bc4+ Qxc4 23. Rxc4 Rad8 24. f3 Ng5 25. Ra1 Rf6 26. h4 Ne6 27. f4 Rd5 28. Rd1 Rg6 29. Rxd5 cxd5 30. Rc2 exf4 31. exf4 Bxf4 32. c6 bxc6 33. Rxc6 Bg3 34. Qe2 Kf7 35. Qxa6 Bxh4 36. Qb7+ 1-0